Vista normal
Vista MARC
Entrada Personal Name
Número de registros utilizados en: 1
001 - CONTROL NUMBER
- control field: 16937
003 - CONTROL NUMBER IDENTIFIER
- control field: DLC
005 - DATE AND TIME OF LATEST TRANSACTION
- control field: 20250403113040.0
008 - FIXED-LENGTH DATA ELEMENTS
- fixed length control field: 861016n| azannaabn |a aaa
010 ## - LIBRARY OF CONGRESS CONTROL NUMBER
- LC control number: n 86097393
035 ## - SYSTEM CONTROL NUMBER
- System control number: (OCoLC)oca01738007
040 ## - CATALOGING SOURCE
- Original cataloging agency: DLC
- Language of cataloging: spa
- Description conventions: rda
- Transcribing agency: Mx-PuUPA
- Modifying agency: DLC
- Modifying agency: OCoLC
- Modifying agency: CtY
- Modifying agency: Mx-PuUPA
046 ## - SPECIAL CODED DATES
- Birth date: 1947
100 1# - HEADING--PERSONAL NAME
- Personal name: Nieto, Carlos,
- Dates associated with a name: 1947-
370 ## - ASSOCIATED PLACE
- Place of birth: Santander (España)
- Associated country: España
- Source of term: naf
374 ## - OCCUPATION
- Occupation: Autor
375 ## - GENDER
- Gender: hombre
377 ## - ASSOCIATED LANGUAGE
- Language code: spa
400 1# - SEE FROM TRACING--PERSONAL NAME
- Personal name: Nieto Blanco, Carlos,
- Dates associated with a name: 1947-
400 1# - SEE FROM TRACING--PERSONAL NAME
- Personal name: Blanco, Carlos Nieto,
- Dates associated with a name: 1947-
670 ## - SOURCE DATA FOUND
- Source citation: La filosofía en la encrucijada, 1985:
- Information found: title page (Carlos Nieto) cover (Carlos Nieto Blanco, b. 1947 in Santander)